[Event "GAMMA Reykjavik Open 2019"]
[Site "Reykjavik ISL"]
[Date "2019.04.09"]
[Round "3"]
[White "Jones, Gawain C B"]
[Black "Kjartansson, Gudmundur"]
[Result "1/2-1/2"]
[WhiteElo "2698"]
[BlackElo "2444"]
[PlyCount "162"]
[EventDate "2019.04.08"]

1. e4 c6 2. Nc3 d5 3. Nf3 Bg4 4. h3 Bxf3 5. Qxf3 e6 6. d4 Nf6 7. Bd3 dxe4 8.
Nxe4 Nxe4 9. Qxe4 Nd7 10. c3 g6 11. h4 h5 12. Bg5 Be7 13. Qe3 Nf6 14. O-O-O Nd5
15. Qd2 Bxg5 16. hxg5 Qd6 17. Rh4 O-O-O 18. Qe1 Kb8 19. g3 Rhe8 20. Re4 Rd7 21.
Bc2 Red8 22. Re5 Qc7 23. Qe2 Rd6 24. Bb3 a6 25. Qf3 b5 26. Rde1 R6d7 27. Kb1
Qd6 28. R1e4 Rb7 29. Rh4 a5 30. a3 Ka8 31. Qe2 Rdb8 32. Kc1 Rd8 33. Kd1 Rdb8
34. Ke1 Ra7 35. Kf1 a4 36. Bxd5 cxd5 37. g4 hxg4 38. Qxg4 Rc7 39. Qf3 Qc6 40.
Rh7 Qc4+ 41. Kg2 Rbb7 42. Qf6 Ka7 43. Qf4 Rd7 44. Re3 Qa2 45. Re2 Qc4 46. Qd2
Rd8 47. Re3 Re8 48. Qe1 Rbe7 49. Rf3 Qc7 50. Rf6 Rb8 51. Qe3 Rb7 52. Qf3 Rd7
53. Qg3 Kb6 54. Qh4 Re7 55. Rg7 Qc4 56. Qg4 Ka5 57. Rg8 Qd3 58. Qf4 Qe2 59. Rh8
Red7 60. Qc1 Re7 61. Rf3 Ra7 62. Qf4 Qxb2 63. Rb8 Red7 64. Qe5 Qb1 65. Re3 Qb3
66. Qh8 Qc4 67. Qf8 Re7 68. Rc8 Rec7 69. Re8 Qc6 70. Rh3 Ka6 71. Rf3 Rd7 72.
Qg7 Qd6 73. Qg8 Rdc7 74. Rb8 Qe7 75. Rg3 Rc4 76. Re8 Qxa3 77. Rf3 Qc1 78. Rxf7
Qxg5+ 79. Kf1 Qc1+ 80. Kg2 Qg5+ 81. Kf1 Qc1+ 1/2-1/2

[Event "GAMMA Reykjavik Open 2019"]
[Site "Reykjavik ISL"]
[Date "2019.04.10"]
[Round "4"]
[White "Cummings, David H"]
[Black "Jones, Gawain C B"]
[Result "0-1"]
[WhiteElo "2338"]
[BlackElo "2698"]
[PlyCount "72"]
[EventDate "2019.04.08"]

1. c4 g6 2. Nc3 Bg7 3. g3 Nc6 4. Bg2 d6 5. d3 Nf6 6. e4 a6 7. Nge2 O-O 8. O-O
e5 9. h3 Nd7 10. Be3 Nd4 11. f4 c6 12. f5 b5 13. g4 Rb8 14. Rb1 Nb6 15. b3 b4
16. Na4 Nxa4 17. bxa4 c5 18. Nxd4 exd4 19. Bf4 g5 20. Bg3 Be5 21. Bxe5 dxe5 22.
f6 Kh8 23. Rb2 Rg8 24. Rbf2 Rg6 25. Qd2 Rb6 26. Rf5 Bxf5 27. exf5 Rg8 28. Qe2
Qxf6 29. a5 Rbb8 30. Re1 b3 31. axb3 Rxb3 32. Qxe5 Qxe5 33. Rxe5 Rxd3 34. Rxc5
Rd8 35. f6 Rd1+ 36. Kf2 Rd2+ 0-1

[Event "GAMMA Reykjavik Open 2019"]
[Site "Reykjavik ISL"]
[Date "2019.04.11"]
[Round "5"]
[White "Jones, Gawain C B"]
[Black "Thorfinnsson, Bragi"]
[Result "1-0"]
[WhiteElo "2698"]
[BlackElo "2436"]
[PlyCount "71"]
[EventDate "2019.04.08"]

1. e4 e5 2. Nf3 Nc6 3. Bc4 Nf6 4. d3 Bc5 5. O-O O-O 6. Re1 d6 7. c3 a5 8. Nbd2
Ng4 9. Re2 Kh8 10. Nf1 f5 11. Bg5 Qe8 12. exf5 Bxf5 13. d4 Bb6 14. Ng3 Bg6 15.
h3 Nf6 16. dxe5 Nxe5 17. Nxe5 dxe5 18. Be3 Nh5 19. Bxb6 Nxg3 20. fxg3 cxb6 21.
Qd6 Qc6 22. Qxc6 bxc6 23. Rxe5 Rad8 24. a4 Bd3 25. Bxd3 Rxd3 26. Rae1 h6 27.
R1e2 Rd1+ 28. Kh2 Ra1 29. Re6 Rxa4 30. Rxc6 Rb8 31. Re7 Ra2 32. Rg6 Rxb2 33.
Rgxg7 Rc2 34. Rh7+ Kg8 35. Reg7+ Kf8 36. Rg4 1-0

[Event "GAMMA Reykjavik Open 2019"]
[Site "Reykjavik ISL"]
[Date "2019.04.13"]
[Round "6"]
[White "Lagarde, Maxime"]
[Black "Jones, Gawain C B"]
[Result "0-1"]
[WhiteElo "2612"]
[BlackElo "2698"]
[PlyCount "66"]
[EventDate "2019.04.08"]

1. e4 e5 2. Nf3 Nc6 3. Bb5 a6 4. Ba4 Nf6 5. O-O b5 6. Bb3 Bc5 7. c3 d6 8. a4
Rb8 9. d4 Bb6 10. a5 Ba7 11. h3 O-O 12. Be3 Ra8 13. Nbd2 h6 14. Re1 Re8 15. Qb1
exd4 16. cxd4 Nb4 17. Ra3 c5 18. dxc5 dxc5 19. Bxf7+ Kxf7 20. e5 Bb7 21. Bg5
hxg5 22. Nxg5+ Kg8 23. Ndf3 Nbd5 24. Rae3 Nxe3 25. Rxe3 Rxe5 26. Nxe5 Qd5 27.
Nef3 c4 28. Re6 Qd3 29. Qe1 Bxf3 30. Nxf3 Qd7 31. Rxf6 gxf6 32. Qe4 Rd8 33. Nh4
Bxf2+ 0-1

[Event "GAMMA Reykjavik Open 2019"]
[Site "Reykjavik ISL"]
[Date "2019.04.14"]
[Round "7"]
[White "Jones, Gawain C B"]
[Black "Hovhannisyan, Robert"]
[Result "1/2-1/2"]
[WhiteElo "2698"]
[BlackElo "2630"]
[PlyCount "61"]
[EventDate "2019.04.08"]

1. Nf3 d5 2. g3 Bg4 3. Bg2 e6 4. c4 c6 5. O-O Nf6 6. cxd5 exd5 7. d3 Nbd7 8.
Nc3 Bd6 9. h3 Bxf3 10. Bxf3 Qe7 11. e4 dxe4 12. Nxe4 Nxe4 13. Bxe4 O-O 14. Re1
Qd8 15. d4 Re8 16. Bd2 Nf6 17. Bg2 Qb6 18. Rxe8+ Rxe8 19. Bc3 Nd5 20. Qc2 Bf8
21. Bxd5 cxd5 22. Qa4 Re6 23. Qd7 Qc6 24. Qxc6 Rxc6 25. Re1 Rc8 26. Re5 Rd8 27.
Kf1 f6 28. Re3 Kf7 29. Ke2 Re8 30. Rxe8 Kxe8 31. Bd2 1/2-1/2

[Event "GAMMA Reykjavik Open 2019"]
[Site "Reykjavik ISL"]
[Date "2019.04.15"]
[Round "8"]
[White "Lupulescu, Constantin"]
[Black "Jones, Gawain C B"]
[Result "0-1"]
[WhiteElo "2634"]
[BlackElo "2698"]
[PlyCount "168"]
[EventDate "2019.04.08"]

1. d4 Nf6 2. c4 g6 3. Nc3 d5 4. cxd5 Nxd5 5. e4 Nxc3 6. bxc3 Bg7 7. Nf3 c5 8.
h3 O-O 9. Be3 Qa5 10. Bd2 e6 11. Be2 Qc7 12. Rc1 b6 13. h4 Bb7 14. e5 Nc6 15.
h5 Rfd8 16. hxg6 hxg6 17. Rc2 cxd4 18. cxd4 Qe7 19. Bg5 Qb4+ 20. Kf1 Nxd4 21.
Bxd8 Nxc2 22. Bf6 Bxf3 23. gxf3 Qc3 24. Qc1 Bxf6 25. exf6 Qa1 26. Qxa1 Nxa1 27.
Rh4 Rc8 28. Rd4 Nc2 29. Rd7 Nb4 30. Rxa7 Nd5 31. Ke1 Nxf6 32. Ba6 Rc3 33. Bb7
Rc7 34. Ra8+ Kg7 35. Ba6 Nd5 36. Rb8 Rc1+ 37. Kd2 Rc3 38. Bb7 Rxf3 39. Ke1 Rf5
40. Bxd5 Re5+ 41. Kf1 Rxd5 42. Rxb6 Ra5 43. Rb2 g5 44. Ke2 Ra3 45. Kd2 g4 46.
Kc1 f5 47. Re2 Kf6 48. Kb2 Rh3 49. a4 Rh2 50. Rc2 f4 51. a5 g3 52. a6 gxf2 53.
a7 f1=Q 54. a8=Q Qb5+ 55. Ka1 Qe5+ 56. Kb1 Qe1+ 57. Kb2 Qb4+ 58. Kc1 Rxc2+ 59.
Kxc2 Qc5+ 60. Kb2 Kf5 61. Qb7 Qe5+ 62. Kc1 Qe1+ 63. Kb2 Qd2+ 64. Kb1 Qd1+ 65.
Kb2 Qe2+ 66. Kc1 Kg4 67. Qg7+ Kf3 68. Qh6 Qc4+ 69. Kd2 Qd5+ 70. Ke1 Qe5+ 71.
Kd2 Kg2 72. Qg6+ Kf2 73. Qh6 f3 74. Qh4+ Qg3 75. Qd4+ Kg2 76. Qe4 Qg5+ 77. Kc3
Qf5 78. Qb7 Qe5+ 79. Kc2 Kg3 80. Qb3 Qe4+ 81. Kb2 Kg2 82. Qc3 f2 83. Qg7+ Kf3
84. Qf7+ Ke3 0-1

[Event "GAMMA Reykjavik Open 2019"]
[Site "http://www.chessbomb.com"]
[Date "2019.04.16"]
[Round "9"]
[White "Jones, Gawain C B"]
[Black "L'Ami, Erwin"]
[Result "1/2-1/2"]
[WhiteElo "2698"]
[BlackElo "2647"]
[PlyCount "148"]

1. e4 e5 2. Nf3 Nc6 3. Bc4 Nf6 4. d3 Bc5 5. O-O h6 6. c3 d6 7. Re1 O-O 8. Nbd2
a5 9. Nf1 Be6 10. Bb5 Bb6 11. Ng3 Ne7 12. d4 Ng6 13. h3 c6 14. Bd3 Re8 15. Be3
Qc7 16. Qc2 Rad8 17. Rad1 a4 18. c4 Ra8 19. Rc1 exd4 20. Nxd4 Bc5 21. Ngf5 Bxf5
22. Nxf5 Ne7 23. Bxc5 dxc5 24. Nh4 Nd7 25. Be2 g5 26. Nf5 Nxf5 27. exf5 Nf6 28.
Bf1 Re5 29. Rcd1 Kg7 30. g3 a3 31. bxa3 Rxa3 32. Bg2 Qe7 33. Qb1 Rxe1+ 34. Rxe1
Qc7 35. Re2 Qd7 36. Kh2 Qd3 37. Qb2 Qxc4 38. Rc2 Qb4 39. Qe5 Qd4 40. Qe7 b6 41.
Re2 Rd3 42. Qc7 Rd2 43. Re7 Qc4 44. Qxc6 Rxf2 45. Qe6 Qxe6 46. fxe6 Re2 47.
Rxf7+ Kg6 48. Rb7 Rxe6 49. g4 Rd6 50. a4 Nd7 51. Bf1 Kf6 52. Bb5 Nf8 53. Kg3
Ke5 54. h4 gxh4+ 55. Kxh4 Ng6+ 56. Kh5 Nf4+ 57. Kh4 Kd4 58. a5 bxa5 59. Ra7 Rd5
60. Bc6 Ng6+ 61. Kh3 Rg5 62. Rxa5 Ne5 63. Bb5 c4 64. Ba4 c3 65. Bc2 Ke3 66. Rd5
Kf2 67. Rc5 h5 68. Bd1 hxg4+ 69. Bxg4 Rg8 70. Rxe5 Rh8+ 71. Bh5 Rxh5+ 72. Rxh5
Ke2 73. Rc5 Kd2 74. Rxc3 Kxc3 1/2-1/2

[Event "2nd Longtou Cup 2019"]
[Site "Qinhuangdao CHN"]
[Date "2019.04.16"]
[Round "1"]
[White "Wang, Hao"]
[Black "Wu, Wenjin"]
[Result "1-0"]
[WhiteElo "2726"]
[BlackElo "2345"]
[PlyCount "79"]
[EventDate "2019.04.16"]

1. e4 e5 2. Nf3 Nc6 3. Bb5 a6 4. Ba4 Nf6 5. O-O Be7 6. Re1 d6 7. c3 Bg4 8. d4
b5 9. Bb3 O-O 10. Be3 Na5 11. dxe5 Bxf3 12. Qxf3 dxe5 13. Bc2 Nc4 14. Bc1 Nd7
15. Qg3 Re8 16. Rd1 Nd6 17. Be3 Nc4 18. Bh6 Bf6 19. b3 Nd6 20. Nd2 Nf8 21. Be3
Ne6 22. Nf3 Nf4 23. Bxf4 exf4 24. Qxf4 Bxc3 25. e5 Bxa1 26. Rxa1 g6 27. Rd1 Qe7
28. exd6 cxd6 29. b4 d5 30. Bb3 Rad8 31. h4 Qd6 32. Qd2 Kg7 33. g3 Qf6 34. Kg2
Re7 35. h5 d4 36. h6+ Kg8 37. Qf4 Qxf4 38. gxf4 Kf8 39. Ng5 Rd6 40. Nxh7+ 1-0

[Event "2nd Longtou Cup 2019"]
[Site "Qinhuangdao CHN"]
[Date "2019.04.17"]
[Round "2"]
[White "Peng, Xiongjian"]
[Black "Wang, Hao"]
[Result "1/2-1/2"]
[WhiteElo "2459"]
[BlackElo "2726"]
[PlyCount "129"]
[EventDate "2019.04.16"]

1. d4 Nf6 2. c4 e6 3. Nf3 d5 4. Nc3 Nbd7 5. Bg5 h6 6. Bf4 Bb4 7. e3 c5 8. Be2
O-O 9. O-O dxc4 10. Bd6 Re8 11. Nb5 Qb6 12. Bxc4 a6 13. dxc5 Bxc5 14. Bxc5 Qxc5
15. Nd6 Rd8 16. Rc1 Ne5 17. Ne4 Qe7 18. Qe2 Nxc4 19. Qxc4 Bd7 20. Qc5 Qxc5 21.
Nxf6+ gxf6 22. Rxc5 Rac8 23. Rxc8 Rxc8 24. Rd1 Kf8 25. Ne1 Ba4 26. b3 Bb5 27.
f3 f5 28. Kf2 a5 29. f4 Ke7 30. Nf3 Rc2+ 31. Rd2 Rc1 32. Nd4 Bd7 33. Ne2 Ra1
34. Nc3 b5 35. Rd1 Rxd1 36. Nxd1 Kd6 37. Nb2 Bc6 38. a3 Be4 39. b4 axb4 40.
axb4 Kd5 41. g3 Bb1 42. Ke2 Ke4 43. Nd1 Bd3+ 44. Kf2 Bc4 45. Nb2 Bd5 46. Ke2 f6
47. Kf2 Bb3 48. Ke2 e5 49. Kf2 exf4 50. gxf4 Bd5 51. Ke2 Bf7 52. Kd2 Kf3 53.
Nd3 Kg2 54. Ke1 Kxh2 55. Kf2 Kh3 56. Nc5 Be8 57. Ne6 Kg4 58. Nf8 Bc6 59. Nh7
Kh5 60. Nf8 Kg4 61. Nh7 Bb7 62. Nxf6+ Kh4 63. Ng8 Kh5 64. Ne7 Kg4 65. Ng8
1/2-1/2

[Event "2nd Longtou Cup 2019"]
[Site "Qinhuangdao CHN"]
[Date "2019.04.18"]
[Round "3"]
[White "Wang, Hao"]
[Black "Karthik, Venkataraman"]
[Result "1/2-1/2"]
[WhiteElo "2726"]
[BlackElo "2505"]
[PlyCount "69"]
[EventDate "2019.04.16"]

1. e4 c5 2. Nf3 d6 3. d4 Nf6 4. Nc3 cxd4 5. Nxd4 a6 6. Be3 e6 7. f3 b5 8. Qd2
Nbd7 9. g4 b4 10. Na4 h6 11. O-O-O Ne5 12. Nb3 Rb8 13. Qf2 Nexg4 14. fxg4 Nxg4
15. Qg1 Nxe3 16. Qxe3 Bd7 17. Nc3 bxc3 18. Qxc3 Qb6 19. Kb1 Rc8 20. Qg3 a5 21.
Nd2 Qc5 22. Nc4 a4 23. Be2 Bc6 24. Qf4 Be7 25. Nxd6+ Bxd6 26. Rxd6 e5 27. Qg4
Rb8 28. Rxc6 Qxc6 29. Qxg7 Qxe4 30. Qxh8+ Ke7 31. Bf3 Rxb2+ 32. Kxb2 Qb4+ 33.
Kc1 Qf4+ 34. Kb1 Qb4+ 35. Kc1 1/2-1/2

[Event "2nd Longtou Cup 2019"]
[Site "Qinhuangdao CHN"]
[Date "2019.04.19"]
[Round "4"]
[White "Zhang, Ziji"]
[Black "Wang, Hao"]
[Result "1/2-1/2"]
[WhiteElo "2414"]
[BlackElo "2726"]
[PlyCount "78"]
[EventDate "2019.04.16"]

1. d4 g6 2. e4 Bg7 3. Nc3 d6 4. Nf3 a6 5. Be2 b5 6. O-O Bb7 7. Re1 Nd7 8. a4 b4
9. Nd5 Ngf6 10. Nxf6+ exf6 11. a5 O-O 12. Bd3 Re8 13. Bd2 c5 14. c3 bxc3 15.
bxc3 Qc7 16. Rb1 Rab8 17. Bf4 Bf8 18. Ra1 Bc6 19. d5 Bb7 20. c4 Bc8 21. Bd2 Ne5
22. Nxe5 fxe5 23. Qc2 Bd7 24. Rab1 Be7 25. Rxb8 Rxb8 26. Rb1 Bd8 27. Rxb8 Qxb8
28. Qb1 Qc8 29. h3 h5 30. f4 exf4 31. Bxf4 Bxa5 32. Bxd6 Bc3 33. e5 Bxh3 34.
gxh3 Qxh3 35. Bxc5 Qg3+ 36. Kf1 Qf3+ 37. Kg1 Qg3+ 38. Kf1 Qf3+ 39. Kg1 Qg3+
1/2-1/2

[Event "2nd Longtou Cup 2019"]
[Site "Qinhuangdao CHN"]
[Date "2019.04.20"]
[Round "5"]
[White "Wang, Hao"]
[Black "Oleksiyenko, Mykhaylo"]
[Result "1/2-1/2"]
[WhiteElo "2726"]
[BlackElo "2598"]
[PlyCount "117"]
[EventDate "2019.04.16"]

1. e4 e5 2. Nf3 Nc6 3. Bc4 Bc5 4. c3 Nf6 5. d3 d6 6. O-O a5 7. Re1 h6 8. Nbd2
O-O 9. Nf1 Be6 10. Bb5 Ne7 11. d4 Bb6 12. Ng3 exd4 13. cxd4 d5 14. e5 Ne4 15.
Bd3 Nxg3 16. hxg3 Qd7 17. Bc2 Bf5 18. Ba4 Qe6 19. Be3 Bh7 20. Rc1 Rad8 21. Rc3
Be4 22. Nd2 Nf5 23. Nb3 f6 24. f3 Nxe3 25. Rcxe3 Bh7 26. Nc5 Bxc5 27. dxc5 c6
28. Qd4 fxe5 29. Rxe5 Qf6 30. Bb3 Rde8 31. a4 Bg6 32. Qc3 Rxe5 33. Rxe5 Kh7 34.
f4 Re8 35. Rxe8 Bxe8 36. Bc2+ Bg6 37. f5 Bh5 38. Qb3 d4 39. Bd3 Bg4 40. Qc2 Kh8
41. Kh2 Qe5 42. Qc4 Bxf5 43. Bxf5 Qxf5 44. Qxd4 Kh7 45. g4 Qe6 46. Kg3 Kg6 47.
Qc3 Qe4 48. b3 Kf7 49. Kh3 g5 50. Qg3 Qb4 51. Qc7+ Kg6 52. Qd6+ Kg7 53. Qe7+
Kg6 54. Qe3 Kf6 55. Kg3 Kf7 56. Kf3 Kf6 57. Kg3 Kf7 58. Qf2+ Kg7 59. Qe3
1/2-1/2

[Event "2nd Longtou Cup 2019"]
[Site "Qinhuangdao CHN"]
[Date "2019.04.22"]
[Round "6"]
[White "Nie, Xinyang"]
[Black "Wang, Hao"]
[Result "0-1"]
[WhiteElo "2346"]
[BlackElo "2726"]
[PlyCount "114"]
[EventDate "2019.04.16"]

1. d4 Nf6 2. c4 e6 3. Nf3 d5 4. Bg5 c6 5. e3 Nbd7 6. Nc3 h6 7. Bh4 g5 8. Bg3
Nh5 9. cxd5 exd5 10. Bd3 Nxg3 11. hxg3 Bg7 12. Qc2 Nb6 13. O-O-O Be6 14. Kb1
Qe7 15. Nd2 O-O-O 16. Nb3 Kb8 17. Nc5 Bc8 18. N3a4 Rhf8 19. Nxb6 axb6 20. Na4
b5 21. Nb6 Bg4 22. f3 Ka7 23. fxg4 Kxb6 24. Rhe1 Rfe8 25. Qf2 Ra8 26. Bc2 Qb4
27. Rd3 Re7 28. Rb3 Qd6 29. e4 dxe4 30. d5+ e3 31. Qf3 Bd4 32. Bd3 Re5 33. dxc6
bxc6 34. Rc1 f6 35. Be2 Ra4 36. Qf1 Rb4 37. Qd1 Rd5 38. Rxb4 Qxb4 39. Qb3 Qd2
40. Bf3 Rd6 41. Rc2 Qe1+ 42. Rc1 Qd2 43. Rc2 Qa5 44. Qg8 Qa7 45. Rxc6+ Rxc6 46.
Qd8+ Ka6 47. Bxc6 e2 48. Qe8 Qh7+ 49. Ka1 e1=Q+ 50. Qxe1 Qc2 51. Bxb5+ Kxb5 52.
Qe8+ Kc4 53. Qc6+ Kd3 54. Qb5+ Qc4 55. Qxc4+ Kxc4 56. Kb1 Kd3 57. a3 Be5 0-1

[Event "GRENKE Chess Classic 2019"]
[Site "Karlsruhe/Baden Baden GER"]
[Date "2019.04.20"]
[Round "1"]
[White "Keymer, Vincent"]
[Black "Carlsen, Magnus"]
[Result "0-1"]
[WhiteElo "2516"]
[BlackElo "2845"]
[PlyCount "162"]
[EventDate "2019.04.20"]

1. d4 Nf6 2. c4 c5 3. d5 g6 4. Nc3 d6 5. e4 Bg7 6. Nf3 O-O 7. Be2 e5 8. O-O Ne8
9. Ne1 f5 10. exf5 gxf5 11. f4 Nd7 12. Nd3 e4 13. Nf2 Bxc3 14. bxc3 Ndf6 15.
Be3 Ng7 16. Qe1 Bd7 17. Nd1 Ba4 18. h3 Bxd1 19. Qxd1 Qe8 20. Kf2 Qg6 21. Rg1
Kh8 22. a4 Rg8 23. Qf1 Nfh5 24. g3 Raf8 25. Qg2 Qf6 26. Rac1 Qd8 27. Qh2 Nf6
28. g4 Nd7 29. g5 Qa5 30. g6 h6 31. Rb1 Rb8 32. Qg3 Qd8 33. Ke1 Ne8 34. Kd2 Nf8
35. Bf2 Qe7 36. Ke3 Qf6 37. Kd2 Nxg6 38. h4 Ne7 39. Qh3 Rxg1 40. Rxg1 Qf7 41.
h5 Nf6 42. Bh4 b6 43. Rb1 Qf8 44. Rg1 Qf7 45. Rb1 Qg7 46. Rg1 Qf8 47. Kc2 Nfg8
48. Kd2 Qf7 49. Kc2 Rf8 50. Kd2 Qe8 51. Ra1 Rf7 52. a5 bxa5 53. Rxa5 Nc8 54.
Ra1 Qf8 55. Rb1 Nb6 56. Rg1 Rg7 57. Rxg7 Kxg7 58. Qg3+ Kh8 59. Qg6 a5 60. Bf1
a4 61. Kc2 a3 62. Kb3 Na4 63. Bh3 Qg7 64. Qxg7+ Kxg7 65. Bxf5 Nf6 66. Kxa3 Nxc3
67. Bf2 Ne2 68. Ka4 Nxh5 69. Ka5 Nf6 70. Kb6 Kf7 71. Kc7 Ke7 72. Be3 Nd4 73.
Bg6 h5 74. Bf2 Nf3 75. Bf5 Nd2 76. Bh4 e3 77. Bd3 Nf3 78. Bxf6+ Kxf6 79. Kxd6
h4 80. Kc7 Nd4 81. Kc8 e2 0-1

[Event "GRENKE Chess Classic 2019"]
[Site "Karlsruhe/Baden Baden GER"]
[Date "2019.04.20"]
[Round "1"]
[White "Svidler, Peter"]
[Black "Caruana, Fabiano"]
[Result "1/2-1/2"]
[WhiteElo "2735"]
[BlackElo "2819"]
[PlyCount "80"]
[EventDate "2019.04.20"]

1. e4 c5 2. Nf3 Nc6 3. d4 cxd4 4. Nxd4 Nf6 5. Nc3 e5 6. Ndb5 d6 7. Nd5 Nxd5 8.
exd5 Nb8 9. a4 Be7 10. Be2 O-O 11. O-O Nd7 12. Bd2 f5 13. a5 a6 14. Na3 e4 15.
Nc4 Ne5 16. Nb6 Rb8 17. f4 exf3 18. Bxf3 Bf6 19. c3 g5 20. Be2 f4 21. Nxc8 Qxc8
22. Kh1 b5 23. axb6 Rxb6 24. Qc2 Bg7 25. b3 Qb7 26. b4 Qxd5 27. Qa2 Qxa2 28.
Rxa2 d5 29. Rxa6 Rxa6 30. Bxa6 Nc4 31. Rd1 Nxd2 32. Rxd2 Bxc3 33. Rxd5 Bxb4 34.
Rxg5+ Kh8 35. Kg1 f3 36. gxf3 Rxf3 37. Bc4 Rf8 38. Kg2 Bc3 39. Bd3 Rg8 40.
Rxg8+ Kxg8 1/2-1/2

[Event "GRENKE Chess Classic 2019"]
[Site "Karlsruhe/Baden Baden GER"]
[Date "2019.04.20"]
[Round "1"]
[White "Vachier-Lagrave, Maxime"]
[Black "Anand, Viswanathan"]
[Result "1/2-1/2"]
[WhiteElo "2773"]
[BlackElo "2774"]
[PlyCount "39"]
[EventDate "2019.04.20"]

1. e4 c6 2. d4 d5 3. e5 Bf5 4. Nf3 e6 5. Be2 c5 6. Be3 Qb6 7. Nc3 Nc6 8. O-O
Qxb2 9. Qe1 cxd4 10. Bxd4 Nxd4 11. Nxd4 Bb4 12. Ndb5 Ba5 13. Rb1 Qxc2 14. Rb3
Ne7 15. Nd6+ Kf8 16. Nxb7 Bb6 17. Nd6 Ba5 18. Nb7 Bb6 19. Nd6 Ba5 20. Nb7
1/2-1/2

[Event "GRENKE Chess Classic 2019"]
[Site "Karlsruhe/Baden Baden GER"]
[Date "2019.04.20"]
[Round "1"]
[White "Aronian, Levon"]
[Black "Naiditsch, Arkadij"]
[Result "1/2-1/2"]
[WhiteElo "2763"]
[BlackElo "2695"]
[PlyCount "82"]
[EventDate "2019.04.20"]

1. e4 c5 2. Nf3 d6 3. d4 cxd4 4. Nxd4 Nf6 5. Nc3 a6 6. Be3 e5 7. Nf3 Qc7 8. a4
Be7 9. a5 O-O 10. Be2 Nbd7 11. Nd2 b5 12. axb6 Nxb6 13. O-O a5 14. Nb5 Qb8 15.
c4 Be6 16. Qb3 Rc8 17. Rfc1 Bd8 18. Qd1 Nbd7 19. f3 Bb6 20. Nf1 Ne8 21. Rc3 Bc5
22. Kh1 Rc6 23. Bd2 Bb4 24. Rcc1 Bxd2 25. Nxd2 Nc7 26. Ra3 Nc5 27. Rca1 Rca6
28. Nb1 Bd7 29. N1c3 N7e6 30. Nd5 a4 31. b4 axb3 32. Rxa6 Rxa6 33. Rxa6 Nxa6
34. Qxb3 Nac5 35. Qd1 Nd8 36. Ne3 Ndb7 37. h3 g6 38. Bf1 Be6 39. Nc2 Qd8 40.
Qe1 h5 41. Ne3 h4 1/2-1/2

[Event "GRENKE Chess Classic 2019"]
[Site "Karlsruhe/Baden Baden GER"]
[Date "2019.04.20"]
[Round "1"]
[White "Meier, Georg"]
[Black "Vallejo Pons, Francisco"]
[Result "1/2-1/2"]
[WhiteElo "2628"]
[BlackElo "2693"]
[PlyCount "49"]
[EventDate "2019.04.20"]

1. Nf3 d5 2. d4 e6 3. g3 b5 4. Bg2 Nf6 5. O-O Bb7 6. a4 b4 7. a5 Be7 8. c3 O-O
9. cxb4 Bxb4 10. Qb3 Qe7 11. Bd2 Na6 12. Rc1 Rab8 13. Bxb4 Nxb4 14. Nbd2 Ba6
15. Qe3 Rb7 16. Ne5 Bb5 17. Bf1 Nd7 18. Nxd7 Qxd7 19. Qa3 Na6 20. Rc3 Rfb8 21.
Nb3 Bc4 22. Nd2 Bb5 23. Nb3 Bc4 24. Nd2 Bb5 25. Nb3 1/2-1/2

[Event "GRENKE Chess Classic 2019"]
[Site "Karlsruhe/Baden Baden GER"]
[Date "2019.04.21"]
[Round "2"]
[White "Vallejo Pons, Francisco"]
[Black "Carlsen, Magnus"]
[Result "0-1"]
[WhiteElo "2693"]
[BlackElo "2845"]
[PlyCount "146"]
[EventDate "2019.04.20"]

1. e4 e5 2. Nf3 Nc6 3. Bb5 a6 4. Ba4 Nf6 5. O-O Bc5 6. c3 O-O 7. d4 Ba7 8. dxe5
Nxe4 9. Bc2 d5 10. exd6 Nxd6 11. Bg5 f6 12. Bf4 g5 13. Bxd6 Qxd6 14. Qxd6 cxd6
15. Nbd2 g4 16. Nh4 d5 17. Nf5 d4 18. Nc4 Bxf5 19. Bxf5 h5 20. Rad1 Rfd8 21. a4
Ne7 22. Be6+ Kg7 23. Rfe1 f5 24. Na5 Rab8 25. Kf1 Kf6 26. Bb3 Ng6 27. Re6+ Kg5
28. g3 dxc3 29. bxc3 Rxd1+ 30. Bxd1 Rd8 31. f4+ gxf3 32. Bxf3 h4 33. Nc4 hxg3
34. hxg3 Bb8 35. Kg2 b5 36. axb5 axb5 37. Ne3 Rd2+ 38. Kh3 Rd3 39. Be2 Rxc3 40.
Bxb5 f4 41. Be8 Nf8 42. Rb6 Be5 43. Nf1 fxg3 44. Rc6 Ra3 45. Rb6 Ra2 46. Rb4
Ne6 47. Rg4+ Kf6 48. Bc6 g2 49. Bxg2 Nf4+ 50. Rxf4+ Bxf4 51. Bf3 Bb8 52. Ng3
Kg5 53. Ne2 Bc7 54. Kg2 Kh4 55. Kf2 Bb6+ 56. Ke1 Be3 57. Kd1 Kg5 58. Be4 Kf6
59. Bf3 Ke5 60. Bg2 Kd6 61. Be4 Kc5 62. Bf5 Rd2+ 63. Ke1 Rd8 64. Be4 Kc4 65.
Kf1 Rf8+ 66. Ke1 Bf2+ 67. Kd2 Rd8+ 68. Kc2 Be3 69. Bf3 Rd2+ 70. Kb1 Kb3 71.
Nc1+ Ka3 72. Ne2 Rb2+ 73. Ka1 Rb8 0-1

[Event "GRENKE Chess Classic 2019"]
[Site "Karlsruhe/Baden Baden GER"]
[Date "2019.04.21"]
[Round "2"]
[White "Caruana, Fabiano"]
[Black "Vachier-Lagrave, Maxime"]
[Result "1/2-1/2"]
[WhiteElo "2819"]
[BlackElo "2773"]
[PlyCount "97"]
[EventDate "2019.04.20"]

1. e4 c5 2. Nc3 d6 3. d4 cxd4 4. Qxd4 Nc6 5. Qd2 Nf6 6. b3 e6 7. Bb2 d5 8. exd5
exd5 9. O-O-O Be6 10. a3 Bc5 11. Nf3 O-O 12. Bd3 Rc8 13. Rhe1 Re8 14. h3 Qa5
15. Nb5 Qxd2+ 16. Rxd2 a6 17. Nbd4 Ne4 18. Rde2 Bd7 19. Kd1 f6 20. Nxc6 Bxc6
21. Nd4 Bd7 22. f3 Ng3 23. Rxe8+ Rxe8 24. c4 dxc4 25. Bxc4+ Kf8 26. b4 Bd6 27.
Ne6+ Bxe6 28. Rxe6 Rd8 29. Kc2 Nh5 30. Re4 b5 31. Bd3 Nf4 32. Bf1 Re8 33. Kb3
Rxe4 34. fxe4 Ne6 35. a4 Nc7 36. Bd4 Ke7 37. Be2 Kd7 38. Be3 Be5 39. h4 g6 40.
h5 gxh5 41. Bxh5 Ne6 42. Bg4 Kd6 43. a5 Nd4+ 44. Ka2 Kc7 45. Bf2 Nc2 46. Kb3
Nd4+ 47. Ka2 Nc2 48. Kb3 Nd4+ 49. Ka2 1/2-1/2

[Event "GRENKE Chess Classic 2019"]
[Site "Karlsruhe/Baden Baden GER"]
[Date "2019.04.21"]
[Round "2"]
[White "Naiditsch, Arkadij"]
[Black "Svidler, Peter"]
[Result "0-1"]
[WhiteElo "2695"]
[BlackElo "2735"]
[PlyCount "78"]
[EventDate "2019.04.20"]

1. e4 e5 2. Nf3 Nc6 3. Bb5 a6 4. Bxc6 dxc6 5. O-O Qf6 6. d4 exd4 7. Bg5 Qd6 8.
Nxd4 Be7 9. Bxe7 Nxe7 10. Nc3 Bd7 11. Nde2 O-O-O 12. Qc1 Ng6 13. Qe3 Kb8 14.
Rad1 Qe7 15. f4 Bc8 16. Nc1 Rxd1 17. Rxd1 b6 18. Nd3 a5 19. Re1 Ba6 20. Nf2 Re8
21. a3 f6 22. Ne2 Bb7 23. Ng3 c5 24. Nf5 Qf7 25. Rd1 Nf8 26. c3 a4 27. h3 Ne6
28. Ng3 Bc6 29. Rd2 Nd8 30. Qd3 Nb7 31. Kh2 Nd6 32. Rd1 h5 33. Re1 h4 34. Nf1
Qb3 35. e5 fxe5 36. fxe5 Qxb2 37. Re2 Qb5 38. Qc2 Nc4 39. e6 Nxa3 0-1

[Event "GRENKE Chess Classic 2019"]
[Site "Karlsruhe/Baden Baden GER"]
[Date "2019.04.21"]
[Round "2"]
[White "Meier, Georg"]
[Black "Aronian, Levon"]
[Result "1/2-1/2"]
[WhiteElo "2628"]
[BlackElo "2763"]
[PlyCount "57"]
[EventDate "2019.04.20"]

1. e4 c5 2. Nf3 d6 3. Bb5+ Bd7 4. Bxd7+ Nxd7 5. O-O Ngf6 6. Qe2 e6 7. c3 Be7 8.
d4 O-O 9. e5 dxe5 10. dxe5 Nd5 11. c4 Nb4 12. Nc3 Nc6 13. Rd1 a6 14. Bf4 Qc7
15. h4 Rfd8 16. h5 h6 17. b3 Nf8 18. Ne4 Rxd1+ 19. Rxd1 Rd8 20. Rxd8 Qxd8 21.
Ned2 Qa5 22. Ne4 Nd7 23. g3 Kf8 24. Kg2 Ke8 25. g4 Qc7 26. Kg3 Qa5 27. Kg2 Qc7
28. Kg3 Qa5 29. Kg2 1/2-1/2

[Event "GRENKE Chess Classic 2019"]
[Site "Karlsruhe/Baden Baden GER"]
[Date "2019.04.22"]
[Round "3"]
[White "Carlsen, Magnus"]
[Black "Anand, Viswanathan"]
[Result "1/2-1/2"]
[WhiteElo "2845"]
[BlackElo "2774"]
[PlyCount "126"]
[EventDate "2019.04.20"]

1. c4 e5 2. g3 Nf6 3. Nc3 Bb4 4. e4 Bxc3 5. dxc3 d6 6. f3 a5 7. Nh3 a4 8. Nf2
Be6 9. Bd3 Nbd7 10. Qe2 c6 11. f4 Nb6 12. Be3 c5 13. O-O-O Qe7 14. f5 Bd7 15.
g4 h6 16. h4 O-O-O 17. g5 Ne8 18. Bd2 hxg5 19. hxg5 Nc7 20. Ng4 Rdg8 21. Rh2
Qf8 22. Rdh1 Kb8 23. b4 axb3 24. axb3 Nc8 25. Kb2 Qd8 26. Rh7 Rxh7 27. Rxh7 Rh8
28. Qh2 Rxh7 29. Qxh7 Qf8 30. Ne3 Ne7 31. Kc2 Qg8 32. Qh4 Qf8 33. Kd1 Nc6 34.
Qh7 Ne7 35. Ke2 Nc8 36. Kf2 Ne7 37. Be2 Qg8 38. Qh1 g6 39. Qh6 Ne8 40. f6 Nc6
41. b4 Nc7 42. bxc5 dxc5 43. Nd5 Ne6 44. Be3 Ka7 45. Bg4 b6 46. Nc7 Qc8 47.
Nb5+ Kb8 48. Nd6 Qg8 49. Qh1 Qf8 50. Qd1 Ncd8 51. Nb5 Bc6 52. Kg1 Nc7 53. Bf2
Nb7 54. Bg3 Bxb5 55. cxb5 Qd6 56. Qe2 Ne6 57. Bxe6 Qxe6 58. Qh2 Qg4 59. Kf2
Qxe4 60. Bxe5+ Kc8 61. Qh3+ Kd8 62. Qh8+ Kd7 63. Qh3+ Kd8 1/2-1/2